| 000 | 00734nam a22002057a 4500 | ||
|---|---|---|---|
| 999 |
_c4098 _d4098 |
||
| 003 | AR-CdUCM | ||
| 008 | 190307b ||||| |||| 00| 0 spa d | ||
| 040 |
_aMUNICIPALIDAD PROVINCIAL DEL CUSCO _cBIBLIOTECA MUNICIPAL DEL CUSCO |
||
| 082 |
_a928 / _bD25L |
||
| 100 |
_aLedesma, Roberto _912994 |
||
| 245 | _aGenio y figura de Rubén Dario / | ||
| 260 |
_aArgentina : _bUniversitaria de Buenos Aires, _c1964. |
||
| 300 |
_a190 páginas ; _c17.5 cm. |
||
| 500 | _aDonación de la familia Nieto. | ||
| 505 | _aContenido: Vida y obra de Rubén Dario -- Prosa -- Los prólogos de Dario -- Poemas ... | ||
| 650 |
_aRubén Dario - Biografía _912995 |
||
| 650 |
_aBiografías - Literatos _912996 |
||
| 942 |
_2ddc _cLIBROS |
||
| 945 | _alccs | ||